00560 2200157 4500001002100000005001500021035002000036007000300056008004100059020001400100245015400114260003100268300002800299110004000327990003500367INLIS00000000000777520260703102157 a0010-0726000002ta260703 0 ind  aTidak Ada1 aStandar Operasional Prosedur (SOP) Budidaya Buah Merah (Pandanus conoideus) : di Pegunungan Jayawijaya Kabupaten Tolikara dan Yahokimo Provinsi Papua aJakarta :bKementan,c2018 a45hlm :bilus. ;c21hlm0 aDirektorat Sayuran dan Tanaman Obat ac.1/78/Polbangtan Yoma/ha/2026